| 000 | 00572nam a2200205 a 4500 | ||
|---|---|---|---|
| 001 | 23782 | ||
| 003 | CO-ViMGA | ||
| 008 | 141112s2004 ck r 000 u spa d | ||
| 020 | _a9706415092 | ||
| 040 |
_aCO-ViMGA _bspa _cCO-ViMGA |
||
| 082 | 0 | 4 | _aSANj |
| 100 | 1 |
_aSandoval Avila, Alejandro _934408 |
|
| 245 | 1 | 0 |
_aJeronimo y su elefante / _cAlejandro Sandoval Avila |
| 260 |
_aMéxico : _beditorial progreso S.A |
||
| 300 | _a86p. | ||
| 490 | _aRehilete | ||
| 650 | 1 | 4 |
_a2 : CUENTOS INFANTILES MEXICANOS _934409 |
| 650 | 1 | 4 |
_aCUENTOS DE AMISTAD _934410 |
| 942 |
_2ddc _cBK |
||
| 999 |
_c31865 _d31865 |
||